000 00405nam a22001697a 4500
003 NUST - PNEC
005 20170116180902.0
008 150901b xxu||||| |||| 00| 0 eng d
020 _a817179145X
040 _cLIBRARY
082 _a616.0252 GUP
100 _96379
_aGupta, Abhishek.
245 _aFirst aid
_cAbhishek Gupta
260 _cc1990
650 _96382
_aMedical
_xGeneral
942 _2ddc
_cBK
999 _c64980
_d64980